Slovenské skúsenosti z integračného procesu do NATO a EÚ aktivity mimovládnych organizácií pri ich odovzdávaní

Na minha lista:
Detalhes bibliográficos
Outros Autores: Nečej, Elemír
Formato: Livro
Idioma:eslovaco
Publicado em: Bratislava Centrum pre európske a severoatlantické vzťahy 2010
Assuntos:
Tags: Adicionar Tag
Sem tags, seja o primeiro a adicionar uma tag!

MARC

LEADER 00000nam a2200000 4500
001 0136072
005 20240109072236.3
020 |a 978-80-970041-6-3 
041 0 |a slo 
044 |a SK 
245 1 0 |a Slovenské skúsenosti z integračného procesu do NATO a EÚ  |b aktivity mimovládnych organizácií pri ich odovzdávaní  |c Elemír Nečej (ed.) 
264 1 |a Bratislava  |b Centrum pre európske a severoatlantické vzťahy  |c 2010 
300 |a 127 s. 
610 2 0 |a demokratizácia 
610 2 0 |a transformácia 
610 2 0 |a integrácia ekonomická medzinárodná 
610 2 0 |a vojenstvo 
610 2 0 |a bezpečnosť európska 
610 2 0 |a obrana štátu 
610 2 0 |a spolupráca medzinárodná 
610 2 0 |a organizácie nevládne 
610 2 0 |a projekty 
610 2 0 |a Európska únia 
610 2 0 |a NATO 
700 1 |a Nečej, Elemír